000 00828nam a2200265Ia 4500
001 22060
005 20260320113338.0
008 260320s9999||||xx |||||||||||||| ||und||
041 _aESP
082 _aHF 324.04985
_bO634
100 _a
_e
110 _aOficina Nacional de Procesos Electorales
245 0 _aInformación en Braille - ONPE
_b
246 _a
_5
_b
260 _aLima :
_bONPE,
_c2025
300 _a1 hoja :
_bilustraciones ;
_c30 cm.
_eafiches, flyers.
440 _a
_n
_v
505 _aIncluye 11 cartillas
650 _aCIS
653 _aCiencias política; Elecciones; Oficina Nacional de Procesos Electorales; Braille
654 _aDER
700 _a
_c
856 _uhttps://0u214oyjo-y-https-app-vlex-com.itmsp.museknowledge.com/
_zVéase además: Base de datos Vlex
942 _cFOL
_dJUS
_fMAT
_2ddc
_n
999 _c22060
_d22060